000 00657nam a22001937a 4500
003 OSt
005 20260130085304.0
008 260130b |||||||| |||| 00| 0 eng d
020 _a13 : 978-0-07-110697-9.
040 _aDWCL-Main lib
_cOC
082 _28th edition
_aGR. 152.3 M194m 2007
100 _aMagill, Richard A.
245 _aMotor learning and control :
_bconcepts, and appliations
_cRichard A. Magill
260 _aN. Y. :
_bMcGraw-Hill,
_cc2007.
300 _axiii, 482 p.ages :
_billustration ;
_c23 cm.
504 _aIncludes bibliographical references and index.
650 _a1. Motor learning-Textbooks.
942 _2ddc
_cGR
_e8th ed.
_kGR.
_n0
999 _c8051
_d8051